000 00632nam a2200205Ia 4500
003 GCL
008 140319s9999 xx 000 0 ara d
020 _a0222172977
040 _aGCL /
_cGCL
082 0 4 _a020
_bح م
100 1 _aحشمت قاسم
245 1 0 _aمصادر المعلومات وتنمية مقتنيات المكتبة , ط3 /
_cحشمت قاسم
300 _a437 ص:
_bايض ؛
_c24 سم
490 _a
650 0 4 _aالمعلومات، مصادر
650 0 4 _aتنمية المقتنيات
650 0 4 _aاوعية المعلومات
650 0 4 _aالتزويد ( مكتبات )
942 _2ddc
_cBK
999 _c39303
_d39303